000 00206nam a2200085Ia 4500
008 120527s9999 xx 000 0 und d
100 _aHILL, Terry
245 _aManufacturing strategy 3rd edition
942 _cBK
999 _c25221
_d25221